banner-ar

مصر والشام فى عصر محمد على وموقف الدول الاوروبية من المسالة المصرية ( 1831 - 1841 ) / (Record no. 65462)

MARC details
000 -الفاتح
حقل البيانات ثابتة الطول 01117nam a22002537a 4500
005 - وقت وتاريخ اخر تعامل مع التسجيلة
رقم الضبط 20240530110826.0
008 - عناصر البيانات ثابتة الطول - معلومات عامة
حقل البيانات ثابتة الطول 190805s2018 ua a f b 000 0dara d
017 ## - رقم الايداع القانونى
رقم الايداع القانونى 2018/21171
المصدر ( الهيئة المختصة) مصر . دار الكتب
020 ## - الرقم الدولى المعيارى للكتب
الرقم الدولى المعيارى للكتاب 9789779120065
040 ## - مصدر الفهرسة
وكالة الفهرسة الأصلية EG-CaGPL
082 04 - رقم تصنيف ديوى العشرى
رقم الطبعة 21
رقم التصنيف 962.031
رقم المادة ق / أ م
100 0# - المدخل الرئيسى - إسم شخصى
الإسم الشخصى احمد فريد على مصطفى
الدور مؤلف
245 10 - بيان العنوان
العنوان مصر والشام فى عصر محمد على وموقف الدول الاوروبية من المسالة المصرية ( 1831 - 1841 ) /
بيان المسئوليه,etc احمد فريد على مصطفى
250 ## - بيان الطبعة
بيان الطبعة ط.1
260 ## - PUBLICATION, DISTRIBUTION, ETC. (IMPRINT)
تاريخ النشر أو التوزيع 2018
300 ## - الوصف المادى
التعداد 407 ص. :
تفاصيل ماديه اخرى للوعاء ايض. ؛
أبعاد الوعاء 26 سم
490 1# - بيان السلسلة
عنوان السلسلة تاريخ المصريين ؛
رقم المجلد/ التعيين التسلسلي 315
504 ## - تبصرة ببليوجرافية
تبصرة ببليوجرافية,الخ يشتمل على ارجاعات ببليوجرافية
651 07 - المدخل الاضافى بالموضوع - اسم جغرافى
الاسم الجغرافي مصر
التقسيم الفرعي العام تاريخ
651 07 - المدخل الاضافى بالموضوع - اسم جغرافى
الاسم الجغرافي مصر
التقسيم الفرعي العام تاريخ
التقسيم الفرعي الزمني العصر الحديث
-- عصر محمد على
651 07 - المدخل الاضافى بالموضوع - اسم جغرافى
الاسم الجغرافي الشام
التقسيم الفرعي العام تاريخ
التقسيم الفرعي الزمني العصر الحديث
التقسيم الفرعي العام الاحتلال
942 ## - عناصر المدخل الإضافي( كوها)
مصدر التصنيف او مخطط الترفيف Dewey Decimal Classification
Koha [default] item type كتاب
260 ## - PUBLICATION, DISTRIBUTION, ETC. (IMPRINT)
-- القاهرة :
-- الهيئة المصرية العامة للكتاب،
Holdings
حالة التراجع حالة الفقد حالة تلف ليس للاعارة المكان المؤقت الموقع الحالى موقع الترفيف تاريخ الاكتساب اجمالي اﻻعارات رقم الطلب الباركود تاريخ اخر مشاهدة تاريخ تفعيل السعر نوع وعاء كوها
        مكتبة القاهرة الكبرى مكتبة القاهرة الكبرى   08/05/2019   962.031 ق / أ م 166330 08/05/2019 08/05/2019 كتاب

Powered By

EGPV